000
00348nam a2200145Ia 4500
008
240624s9999 xx 000 0 und d
041
_a
eng
082
_a
332.041 BLI
100
_a
BLISS CHRISTOPHER
245
_a
CAPITAL THEORY
260
_c
2005
_a
London
_b
Edward Elgar
300
_a
lx, : 564 : p. : cm. ; 24
365
_c
GBP
_b
30
440
_v
3
999
_c
26643
_d
26643